Thennellikka/ (Record no. 141913)

000 -LEADER
fixed length control field 00377nam a22001457a 4500
082 ## - DEWEY DECIMAL CLASSIFICATION NUMBER
Classification number M1
Item number SAK/T
100 ## - MAIN ENTRY--PERSONAL NAME
Personal name Sakunthala C
9 (RLIN) 158152
245 ## - TITLE STATEMENT
Title Thennellikka/
Statement of responsibility, etc. by Sakunthala C
260 ## - PUBLICATION, DISTRIBUTION, ETC.
Place of publication, distribution, etc. Edappal:
Name of publisher, distributor, etc. Pusthakasadass,
Date of publication, distribution, etc. 2007.
300 ## - PHYSICAL DESCRIPTION
Extent 79p.
650 ## - SUBJECT ADDED ENTRY--TOPICAL TERM
Topical term or geographic name entry element Poetry Malayalam
9 (RLIN) 158153
650 ## - SUBJECT ADDED ENTRY--TOPICAL TERM
Topical term or geographic name entry element Literature Malayalam
9 (RLIN) 158154
650 ## - SUBJECT ADDED ENTRY--TOPICAL TERM
Topical term or geographic name entry element Literature
9 (RLIN) 158155
942 ## - ADDED ENTRY ELEMENTS (KOHA)
Koha item type Book
Holdings
Withdrawn status Lost status Damaged status Not for loan Permanent Location Current Location Shelving location Date acquired Cost, normal purchase price Total Checkouts Full call number Barcode Date last seen Price effective from Koha item type
        Sree Sankaracharya University of Sanskrit Sree Sankaracharya University of Sanskrit Stacks 07.05.2019 40.00   M1 SAK/T 095077 07.05.2019 07.05.2019 Book